Statistics for England's Women's Rugby Six Nations 2022 Squad

Click here to take the quiz!

General Stats

  • This quiz has been taken 9 times
  • The average score is 47 of 75

Answer Stats

HintFirst NameSurname% Correct
AbbieAbbie
100%
SarahSarah
100%
LockZoeAldcroft
86%
AlexAlex
86%
PropSarahBern
86%
PropHannahBotterman
86%
WingJessBreach
86%
HookerAmyCokayne
86%
ellieEllie
86%
EmilyEmily
86%
HannahHannah
86%
ScrumhalfNatashaHunt
86%
Number 8SarahHunter
86%
JessJess
86%
LucyLucy
86%
MarlieMarlie
86%
NatashaNatasha
86%
ScrumhalfLucyPacker
86%
FlankerMarliePacker
86%
ZoeZoe
86%
ZoeZoe
86%
AmberAmber
71%
AmyAmy
71%
Number 8SarahBeckett
71%
PropShaunaghBrown
71%
BryonyBryony
71%
PropBryonyCleall
71%
LockPoppyCleall
71%
ConnieConnie
71%
PropVickiiCornborough
71%
WingAbigailDow
71%
FlankerVickyFleetwood
71%
FlyhalfZoeHarrison
71%
helenaHelena
71%
ScrumhalfLeanneInfante
71%
FullbackEllieKildunne
71%
LeanneLeanne
71%
FlankerAlexMatthews
71%
MaudMaud
71%
FullbackSarahMcKenna
71%
PropMaudMuir
71%
PoppyPoppy
71%
HookerConniePowell
71%
CentreAmberReed
71%
FlyhalfHelenaRowland
71%
CentreEmilyScarratt
71%
Shaunaghshaunagh
71%
VickyVicky
71%
LockAbbieWard
71%
AbigailAbigail
57%
HookerLarkDavies
57%
HollyHolly
57%
LarkLark
57%
LydiaLydia
57%
WingLydiaThompson
57%
VikkiiVikkii
57%
FlyhalfHollyAitchison
43%
DetyshaDetysha
43%
PropDetyshaHarper
43%
FlankerSadiaKabeya
43%
rosieRosie
43%
SadiaSadia
43%
WingHeatherCowell
29%
emmaEmma
29%
LockRosieGalligan
29%
HeatherHeather
29%
LagiLagi
29%
FullbackEmmaSing
29%
CentreLagiTuima
29%
HookerMayCampbell
14%
HarrietHarriet
14%
MayMay
14%
FlankerHarrietMillar-Mills
14%
LockRowenaBurnfield
0%
RowenaRowena
0%

Score Distribution

Percentile by Number Answered

Percent of People with Each Score

Your Score History

You have not taken this quiz